00528nam a2200193 a 4500001001300000003000900013005001700022008004100039020002500080082001800105100002100123245003700144260004900181300000900230500003500239505001000274650002900284700002100313nice12345678IN_TiNIC20260116012257.0050524s1984 lona grp 000 0 eng  a0835676 c365.700a291.211bSCH1 aSchuon, Frithjof aTranscendent Unity of Religions. aLondonbTheosophical Publishing House c1984 a173p aincludes index and biblioraphy2 aIndex aComparative Religion-God1 aSchuon, Frithjof